000 00686nam a2200289Ia 4500
005 20260324124143.0
008 008 260324s9999 xx 000 0 eng d
020 _a9780367817992
037 _aEBOOK
040 _aCRL
040 _beng
040 _cCRL
041 _2eng
041 _aeng
084 _qCRL
100 _aNalini Rajan; V. Geetha
_91173053
245 0 _aReligious Faith, Ideology, Citizenship
245 4 _bThe View from Below
260 _bTaylor and Francis
260 _c2011
365 _a
365 _b230
856 _uhttp://www.taylorfrancis.com/books/9780367817992
942 _cEBOOK
999 _c1767204
_d1767204